Tìm hiểu về kế toán và phân tích tài chính /

Đã lưu trong:
Bibliografiske detaljer
Hovedforfatter: Webster, William H
Format: Bog
Sprog:Vietnamese
Udgivet: GTVT 2005
Tags: Tilføj Tag
Ingen Tags, Vær først til at tagge denne postø!
Thư viện lưu trữ: Mạng thư viện Đại học Đà Nẵng
LEADER 00665nam a2200265 4500
001 000028491
003 WE-WZ
005 20150403120000.0
008 150403s vm 000 vie
020 |c 0,0000 
040 |a notts 
100 |a Webster, William H 
245 |a Tìm hiểu về kế toán và phân tích tài chính /  |c William H. Webster ; Nhân Văn biên dịch. 
260 |b GTVT  |c 2005 
OWN |a LTT 
999 |a From the UDN01 
TYP |a Monograph 
TYP |a Printed language 
980 |a Mạng thư viện Đại học Đà Nẵng